000 01500nam a2200385 i 4500
003 DO-SdBNP
005 20250401132232.0
007 ta
008 240208b2023 dr ||||| |||| 00| 0 spa d
020 _z9789945510386
040 _aDO-SdBNP
_bspa
_cBNPHU
_erda
041 _aspa
082 4 _aRD863.44
_bC322e 2023
_222
100 1 _aCartagena Portalatín, Aída,
_d1918-1994
_eautor
_4aut.
_923557
245 1 0 _aEscalera para Electra /
_cAída Cartagena Portalatín ; prólogo, Rey Andújar ; corrección, María del Carmen Vicente, Apolinar Liz Rodríguez.
264 4 _aSanto Domingo :
_bEditora Nacional,
_c©2023.
300 _a180 páginas ;
_c20 cm.
336 _atexto
_btxt
_2rdacontent
337 _asin mediación
_bn
_2rdamedia
338 _avolumen
_bnc
_2rdacarrier
490 1 _aBiblioteca Dominicana Básica
490 1 _aNarrativa
500 _aIncluye datos biográficos de la autora en las solapas
504 _aBibliografía : páginas 21-24
590 _aInventariado, 2023/BT
600 1 0 _aCartagena Portalatín, Aída,
_d1918-1994
_923557
650 4 _aNovela dominicana
_9223
650 4 _aLiteratura dominicana.
_967
700 1 _aAndújar, Rey,
_eprologuista
_984882
_4pr.
700 1 _aVicente, María del Carmen,
_ecorrección
_957201
_4corr.
700 1 _aLiz Rodríguez, Apolinar,
_ecorrección
_984877
_4corr.
830 0 _aColección Biblioteca Dominicana Básica
_n28
_pNarrativa
_987178
910 _aBtavárez/Validado. Control de calidad MFF
942 _2ddc
_cLBS1
999 _c55871
_d55871